| 000 | 00601nam a22001577a 4500 | ||
|---|---|---|---|
| 008 | 150523b xxu||||| |||| 00| 0 eng d | ||
| 020 | _a996627067 | ||
| 050 | _aLB 2801 .W31 2010 | ||
| 100 |
_aWango, Geoffrey _d2010 |
||
| 245 |
_aSchool administration & management: _bquality assurance and standards in schools/ _c Geoffrey Wango |
||
| 260 |
_aNairobi,Kenya: _bJomo kenyatta foundation, _c2010 |
||
| 300 | _axvii,266p. : | ||
| 440 | _aSchool administration & management;Quality assurance and standards in schools/ | ||
| 650 | _aEducation | ||
| 942 |
_2lcc _cBOOKS _hLB 2801 .W31 2010 _02 |
||
| 999 |
_c1139 _d1139 |
||